Oversight hearing on reauthorization of the Coastal Zone Management Act : oversight hearing before the Subcommittee on Fisheries Conservation, Wildlife, and Oceans of the Committee on Resources, House of Representatives; One Hundred Sixth Congress, first session; February 25, 1999; Washington, DC.

Bibliographic Details
Corporate Author: United States. Congress. House. Committee on Resources. Subcommittee on Fisheries Conservation, Wildlife, and Oceans (Author)
Format: Government Document eBook
Language:English
Published: Washington : U.S. Government Printing Office, 1999.
Subjects:
Online Access:https://purl.fdlp.gov/GPO/gpo89427

MARC

Tag First Indicator Second Indicator Subfields
LEADER 00000cam a2200000 i 4500
001 in00004012002
005 20211120182726.0
006 m o d f
007 cr bn||||a||||
008 130713s1999 dcua ob f000 0 eng c
019 |a 150693923  |a 651966750  |a 654782530  |a 777369481  |a 1011943109  |a 1022032977 
035 |a (OCoLC)ocn852763003 
040 |a OCLCE  |b eng  |e rda  |e pn  |c OCLCE  |d OCLCO  |d NJRLL  |d OCLCQ  |d OCLCO  |d OCLCF  |d CWCLL  |d OCL  |d NJR  |d OCLCQ  |d GPO  |d MvI  |d UtOrBLW 
042 |a dlr  |a pcc 
043 |a n-us--- 
049 |a WWW 
074 |a 1023-C (online) 
086 0 |a Y 4.R 31/3:106-6 
088 |a Serial no. 106-6 (United States. Congress. House. Committee on Resources) 
110 1 |a United States.  |b Congress.  |b House.  |b Committee on Resources.  |b Subcommittee on Fisheries Conservation, Wildlife, and Oceans,  |e author.  |0 http://id.loc.gov/authorities/names/no97037796 
245 1 0 |a Oversight hearing on reauthorization of the Coastal Zone Management Act :  |b oversight hearing before the Subcommittee on Fisheries Conservation, Wildlife, and Oceans of the Committee on Resources, House of Representatives; One Hundred Sixth Congress, first session; February 25, 1999; Washington, DC. 
264 1 |a Washington :  |b U.S. Government Printing Office,  |c 1999. 
300 |a 1 online resource (iii, 135 pages) :  |b illustrations 
336 |a text  |b txt  |2 rdacontent 
337 |a computer  |b c  |2 rdamedia 
338 |a online resource  |b cr  |2 rdacarrier 
588 |a Description based on online resource; title from PDF title screen (govinfo, viewed on Feb. 27, 2018). 
504 |a Includes bibliographical references. 
500 |a "Serial number 106-6." 
610 1 0 |a United States.  |t Coastal Zone Management Act of 1972.  |0 http://id.loc.gov/authorities/names/n84137916 
650 0 |a Coastal zone management  |x Finance  |x Law and legislation  |z United States. 
650 0 |a Coastal zone management  |z United States.  |0 http://id.loc.gov/authorities/subjects/sh2008117708 
655 7 |a Legislative hearings.  |2 lcgft  |0 http://id.loc.gov/authorities/genreForms/gf2011026362 
776 0 8 |i Print version:  |a United States. Congress. House. Committee on Resources. Subcommittee on Fisheries Conservation, Wildlife, and Oceans.  |t Oversight hearing on reauthorization of the Coastal Zone Management Act  |w (OCoLC)42997845 
776 0 8 |i Microfiche version:  |a United States. Congress. House. Committee on Resources. Subcommittee on Fisheries Conservation, Wildlife, and Oceans.  |t Oversight hearing on reauthorization of the Coastal Zone Management Act  |w (OCoLC)42997845 
856 4 0 |u https://purl.fdlp.gov/GPO/gpo89427  |t 0 
999 f f |s f8c0c621-33f3-3681-8dc1-b354f771fa29  |i 22a1004f-de55-3b2c-b185-3b3b997a1d17  |t 0 
952 f f |a Texas A&M University  |b College Station  |c Electronic Resources  |d Available Online  |t 0  |e Y 4.R 31/3:106-6  |h Superintendent of Documents classification 
998 f f |a Y 4.R 31/3:106-6  |t 0  |l Available Online